[Event "Hradec Kralove op 11th"]
[Site "Hradec Kralove"]
[Date "2021.11.09"]
[Round "5"]
[White "Zelbova, Lada"]
[Black "Kutek, Jiri"]
[Result "1-0"]
[WhiteElo "1928"]
[BlackElo "1552"]
[PlyCount "87"]
[EventDate "2021.11.06"]
[EventType "swiss"]
[EventRounds "9"]
[EventCountry "CZE"]
[SourceTitle "CBM 205 Extra"]
[Source "ChessBase"]
[SourceDate "2022.01.31"]
[SourceVersion "1"]
[SourceVersionDate "2022.01.31"]
[SourceQuality "1"]

1. e4 e5 2. Nf3 Nc6 3. Bb5 d6 4. 0-0 Nf6 5. Re1 Bd7 6. c3 a6 7. Ba4 Be7 8. d4 0-0 9. Nbd2 b5 10. Bc2 Bg4 11. h3 Bh5 12. d5 Na5 13. Nf1 h6 14. Ng3 Bg6 15. Qe2 Qd7 16. Nh4 Nh7 17. Ngf5 Bxh4 18. Nxh4 Qe7 19. Nxg6 fxg6 20. a4 Qd7 21. b4 Nb7 22. Bd3 c6 23. Bd2 cxd5 24. exd5 Qf7 25. axb5 a5 26. c4 axb4 27. Bxb4 Ng5 28. h4 Nh7 29. Qe3 Nf6 30. Be2 Qd7 31. Ra7 Rab8 32. Rea1 Qf5 33. Qf3 Qc2 34. Qd3 Qxd3 35. Bxd3 e4 36. Be2 h5 37. R1a6 Ne8 38. Rb6 Rf7 39. g3 Kh7 40. Bf1 Re7 41. Bh3 Kh6 42. Bd2+ Kh7 43. Bf4 Kh8 44. c5 1-0

[Event "Hradec Kralove op 10th"]
[Site "Hradec Kralove"]
[Date "2019.10.29"]
[Round "4"]
[White "Svoboda, Frantisek"]
[Black "Kutek, Jiri"]
[Result "0-1"]
[WhiteElo "1668"]
[BlackElo "1515"]
[PlyCount "84"]
[EventDate "2019.10.26"]
[EventType "swiss"]
[EventRounds "9"]
[EventCountry "CZE"]
[SourceTitle "CBM 193 Extra"]
[Source "ChessBase"]
[SourceDate "2020.01.31"]
[SourceVersion "1"]
[SourceVersionDate "2020.01.31"]
[SourceQuality "1"]

1. b3 Nf6 2. Bb2 e6 3. g3 d5 4. Bg2 c5 5. e3 Nc6 6. Ne2 Be7 7. 0-0 0-0 8. d3 b5 9. c4 a6 10. Nd2 Bb7 11. cxd5 exd5 12. Rc1 Qb6 13. a3 Nd8 14. Rc2 Rc8 15. Bh3 Ne6 16. Qa1 Rc7 17. Be5 Rd7 18. Rfc1 Nh5 19. Bg4 Nf6 20. Bf5 Rdd8 21. Bh3 d4 22. exd4 Qc6 23. f3 Ng5 24. Bg2 Ng4 25. Rxc5 Bxc5 26. Rxc5 Qh6 27. fxg4 Bxg2 28. Kxg2 Qh3+ 29. Kg1 Qxg4 30. Qf1 f6 31. Bf4 Nh3+ 32. Kg2 Rfe8 33. Ne4 f5 34. Be5 fxe4 35. dxe4 Rf8 36. Bf4 Nxf4+ 37. Nxf4 Rxd4 38. Qe1 Rxf4 39. h3 Qf3+ 40. Kh2 Rfxe4 41. Rc8+ Kf7 42. Rc7+ Ke6 0-1

[Event "Pardubice Czech op-D 28th"]
[Site "Pardubice"]
[Date "2017.07.24"]
[Round "4"]
[White "Kutek, Jiri"]
[Black "Buk, Pavel"]
[Result "0-1"]
[WhiteElo "1503"]
[BlackElo "1655"]
[PlyCount "98"]
[EventDate "2017.07.22"]
[EventType "swiss"]
[EventRounds "9"]
[EventCountry "CZE"]
[SourceTitle "CBM 179 Extra"]
[Source "ChessBase"]
[SourceDate "2017.08.23"]
[SourceVersion "1"]
[SourceVersionDate "2017.08.23"]
[SourceQuality "1"]

1. d4 f5 2. Bf4 Nf6 3. c4 e6 4. e3 c6 5. a3 Be7 6. Nf3 0-0 7. Bd3 Ne4 8. 0-0 d5 9. Nbd2 Nd7 10. h3 Ndf6 11. Ne5 Nxd2 12. Qxd2 Ne4 13. Qe2 Bg5 14. Bh2 Bd7 15. Rac1 Be8 16. Bxe4 fxe4 17. Qg4 Qe7 18. Qe2 Bf6 19. Ng4 Kh8 20. c5 Rg8 21. f3 exf3 22. gxf3 Bh5 23. Kh1 Bxg4 24. fxg4 e5 25. g5 Bxg5 26. dxe5 Rgf8 27. Bf4 Rae8 28. Qg4 Bxf4 29. exf4 Qe6 30. Kg2 Qf5 31. Qxf5 Rxf5 32. h4 g6 33. Kg3 Kg7 34. b4 a6 35. a4 Kf7 36. b5 axb5 37. Rb1 bxa4 38. Rxb7+ Re7 39. Rb6 Rexe5 40. fxe5 Rxf1 41. Rxc6 d4 42. Ra6 d3 43. c6 Rc1 44. Ra7+ Ke6 45. Rd7 Kxe5 46. Rxd3 Rxc6 47. Re3+ Kf6 48. Re4 Ra6 49. Re1 a3 0-1